| 000 | 00658nam a22002172 4500 | ||
|---|---|---|---|
| 001 | 0000023991 | ||
| 005 | 20151217155235.0 | ||
| 008 | 130424s xx 000 0 eng d | ||
| 020 | _a0443054193 : | ||
| 040 |
_aKABU _cKABU |
||
| 100 | 1 |
_aSmiddy, F. G. _@0000183851 |
|
| 245 | 1 | 0 |
_aMCQs in general pathology / _cF. G. Smiddy, J. L. Turk. |
| 250 | _a2nd ed. | ||
| 260 |
_aLondon : _bChurchill Livingstone, _c1997. |
||
| 300 | _axi, 306 p. | ||
| 650 | 0 |
_aPathology _xExaminations, questions, etc. _@0000183749 |
|
| 700 | 1 |
_aTurk, J. L. _@0000183852 |
|
| 852 | 1 | _9p400 KES | |
| 908 | _a130424 | ||
| 950 | _@1 | ||
| 999 |
_c12217 _d12217 |
||